<?xml version="1.0" encoding="UTF-8"?>
<record
    xmlns:xsi="http://www.w3.org/2001/XMLSchema-instance"
    xsi:schemaLocation="http://www.loc.gov/MARC21/slim http://www.loc.gov/standards/marcxml/schema/MARC21slim.xsd"
    xmlns="http://www.loc.gov/MARC21/slim">

  <leader>01019nam a2200253 a 4500</leader>
  <controlfield tag="001">BRCA_3714</controlfield>
  <controlfield tag="005">20190320204409.0</controlfield>
  <controlfield tag="008">920403m19911993mx-a---##b---f001-0dspa-#</controlfield>
  <datafield tag="020" ind1=" " ind2=" ">
    <subfield code="a">9681636244 (Obra completa)</subfield>
  </datafield>
  <datafield tag="041" ind1=" " ind2=" ">
    <subfield code="a">spa</subfield>
  </datafield>
  <datafield tag="044" ind1=" " ind2=" ">
    <subfield code="a">mx</subfield>
  </datafield>
  <datafield tag="050" ind1=" " ind2="4">
    <subfield code="a">F1234</subfield>
    <subfield code="b">.C35 1991</subfield>
  </datafield>
  <datafield tag="100" ind1="1" ind2=" ">
    <subfield code="a">Calles, Plutarco El&#xED;as</subfield>
    <subfield code="d">1877-1945</subfield>
    <subfield code="9">9547</subfield>
  </datafield>
  <datafield tag="245" ind1="1" ind2="0">
    <subfield code="a">Correspondencia personal</subfield>
    <subfield code="b">1919-1945</subfield>
    <subfield code="c">Plutarco El&#xED;as Calles ; introducci&#xF3;n, selecci&#xF3;n y notas de Carlos Mac&#xED;as.</subfield>
  </datafield>
  <datafield tag="260" ind1=" " ind2=" ">
    <subfield code="a">M&#xE9;xico</subfield>
    <subfield code="b">Fideicomiso Archivos Plutarco El&#xED;as Calles y Fernando Torreblanca : Fondo de Cultura Econ&#xF3;mica : Gobierno del Estado de Sonora</subfield>
    <subfield code="c">1991-1993</subfield>
  </datafield>
  <datafield tag="300" ind1=" " ind2=" ">
    <subfield code="a">2 v.</subfield>
    <subfield code="b">il.</subfield>
    <subfield code="c">23 cm.</subfield>
  </datafield>
  <datafield tag="440" ind1=" " ind2="0">
    <subfield code="a">Vida y pensamiento de M&#xE9;xico</subfield>
    <subfield code="9">9548</subfield>
  </datafield>
  <datafield tag="504" ind1=" " ind2=" ">
    <subfield code="a">Incluye referencias bibliogr&#xE1;ficas e &#xED;ndice</subfield>
  </datafield>
  <datafield tag="600" ind1="1" ind2="4">
    <subfield code="a">Calles, Plutarco El&#xED;as</subfield>
    <subfield code="d">1877-1945</subfield>
    <subfield code="x">Correspondencia</subfield>
    <subfield code="9">9667</subfield>
  </datafield>
  <datafield tag="650" ind1="1" ind2="4">
    <subfield code="a">Presidentes</subfield>
    <subfield code="x">Correspondencia</subfield>
    <subfield code="z">M&#xE9;xico</subfield>
    <subfield code="9">9668</subfield>
  </datafield>
  <datafield tag="651" ind1=" " ind2="4">
    <subfield code="a">M&#xE9;xico</subfield>
    <subfield code="x">Historia</subfield>
    <subfield code="y">1910-1946</subfield>
    <subfield code="9">4779</subfield>
  </datafield>
  <datafield tag="700" ind1="1" ind2=" ">
    <subfield code="a">Mac&#xED;as, Carlos</subfield>
    <subfield code="9">9550</subfield>
  </datafield>
  <datafield tag="942" ind1=" " ind2=" ">
    <subfield code="2">lcc</subfield>
    <subfield code="c">B</subfield>
  </datafield>
  <datafield tag="999" ind1=" " ind2=" ">
    <subfield code="c">3444</subfield>
    <subfield code="d">3444</subfield>
  </datafield>
  <datafield tag="952" ind1=" " ind2=" ">
    <subfield code="0">0</subfield>
    <subfield code="1">0</subfield>
    <subfield code="4">0</subfield>
    <subfield code="7">0</subfield>
    <subfield code="a">BRCA</subfield>
    <subfield code="b">BRCA</subfield>
    <subfield code="d">2009-09-10</subfield>
    <subfield code="l">0</subfield>
    <subfield code="o">F1234 .C35 1991</subfield>
    <subfield code="p">00593</subfield>
    <subfield code="r">2019-03-22 00:00:00</subfield>
    <subfield code="w">2019-03-22</subfield>
    <subfield code="y">B</subfield>
  </datafield>
  <datafield tag="952" ind1=" " ind2=" ">
    <subfield code="0">0</subfield>
    <subfield code="1">0</subfield>
    <subfield code="4">0</subfield>
    <subfield code="7">0</subfield>
    <subfield code="8">AG</subfield>
    <subfield code="a">BRCA</subfield>
    <subfield code="b">BRCA</subfield>
    <subfield code="d">2010-10-06</subfield>
    <subfield code="l">0</subfield>
    <subfield code="o">F1234 .C35 1991</subfield>
    <subfield code="p">00594</subfield>
    <subfield code="r">2019-03-22 00:00:00</subfield>
    <subfield code="w">2019-03-22</subfield>
    <subfield code="y">B</subfield>
  </datafield>
</record>
